[Event "Foxwoods op 16th"]
[Site "Ledyard"]
[Date "2024.03.31"]
[Round "8"]
[White "Khanin, Semen"]
[Black "Ghaem Maghami, Ehsan"]
[Result "1-0"]
[WhiteElo "2564"]
[BlackElo "2473"]
[PlyCount "57"]
[EventDate "2024.03.27"]
[EventType "swiss"]
[EventRounds "9"]
[EventCountry "USA"]
[SourceTitle "CB14_2024"]
[SourceDate "2024.04.01"]
[SourceVersion "1"]
[SourceVersionDate "2024.04.01"]
[SourceQuality "1"]

1. d4 Nf6 2. c4 e6 3. Nc3 Bb4 4. e3 c5 5. Bd3 d5 6. cxd5 Nxd5 7. Bd2 cxd4 8. exd4 Nc6 9. Nf3 Be7 10. 0-0 0-0 11. Qe2 Nf6 12. Ne4 Qb6 13. Bg5 Nd5 14. Bxe7 Ndxe7 15. Ng3 Nd5 16. Rad1 h6 17. Bb1 Bd7 18. Rfe1 Rfd8 19. Ne5 Nxe5 20. dxe5 Ba4 21. Rc1 Rac8 22. Qe4 Rxc1 23. Rxc1 Qxb2 24. Rf1 Bb5 25. Rd1 Ba4 26. Rf1 Nc3 27. Qh7+ Kf8 28. Qh8+ Ke7 29. Qxg7 1-0

[Event "Foxwoods op 16th"]
[Site "Ledyard"]
[Date "2024.03.30"]
[Round "7"]
[White "Ghaem Maghami, Ehsan"]
[Black "Kevlishvili, Robby"]
[Result "1/2-1/2"]
[WhiteElo "2473"]
[BlackElo "2524"]
[PlyCount "46"]
[EventDate "2024.03.27"]
[EventType "swiss"]
[EventRounds "9"]
[EventCountry "USA"]
[SourceTitle "CB14_2024"]
[SourceDate "2024.04.01"]
[SourceVersion "1"]
[SourceVersionDate "2024.04.01"]
[SourceQuality "1"]

1. c4 e6 2. g3 d5 3. Bg2 Nc6 4. cxd5 exd5 5. Nf3 Nf6 6. d4 h6 7. 0-0 Bd6 8. Nc3 a6 9. Ne1 Ne7 10. Nd3 0-0 11. Bf4 Bf5 12. Rc1 c6 13. Bxd6 Qxd6 14. Nc5 b6 15. Nd3 Rfd8 16. Na4 Nd7 17. Qd2 Rac8 18. Rfd1 Qf6 19. Ne5 c5 20. Nxd7 Bxd7 21. Nc3 Be6 22. Na4 Bd7 23. Nc3 Be6 1/2-1/2

[Event "Foxwoods op 16th"]
[Site "Ledyard"]
[Date "2024.03.29"]
[Round "5"]
[White "Matviishen, Viktor"]
[Black "Ghaem Maghami, Ehsan"]
[Result "1/2-1/2"]
[WhiteElo "2561"]
[BlackElo "2473"]
[PlyCount "115"]
[EventDate "2024.03.27"]
[EventType "swiss"]
[EventRounds "9"]
[EventCountry "USA"]
[SourceTitle "CB14_2024"]
[SourceDate "2024.04.01"]
[SourceVersion "1"]
[SourceVersionDate "2024.04.01"]
[SourceQuality "1"]

1. d4 d5 2. c4 dxc4 3. e3 e5 4. Bxc4 exd4 5. exd4 Nf6 6. Nf3 Bd6 7. Qe2+ Qe7 8. Qxe7+ Bxe7 9. 0-0 0-0 10. Re1 Bd6 11. Nc3 Nbd7 12. Bg5 a6 13. a4 b6 14. Nh4 Bb4 15. Re2 Bb7 16. Na2 Bd6 17. Nf5 Rfe8 18. Nxd6 cxd6 19. Rxe8+ Rxe8 20. Nc3 h6 21. Bf4 d5 22. Bd3 g5 23. Bd2 Ne4 24. Be1 Nf8 25. f3 Nf6 26. Bd2 Ne6 27. Ne2 Rc8 28. Kf2 Nh5 29. g3 a5 30. h4 Kg7 31. Rh1 Rh8 32. b3 Bc8 33. Rc1 Bd7 34. Bb5 Bxb5 35. axb5 gxh4 36. gxh4 Ra8 37. Rc6 a4 38. bxa4 Rxa4 39. Rxb6 Ra2 40. Ke3 Ra3+ 41. Bc3 Ng3 42. Rc6 Nxe2 43. Kxe2 Rb3 44. b6 Kf8 45. f4 Nxf4+ 46. Kd2 Ne6 47. Ba5 Ke7 48. Rc8 Kd7 49. Ra8 Kc6 50. Ra7 Rb5 51. Kc3 h5 52. Ra8 f5 53. Re8 Kd7 54. Rh8 f4 55. Rh7+ Kc6 56. Rh6 Kd7 57. Rh7+ Kc6 58. Rh6 1/2-1/2

[Event "Las Vegas Bridgeopolis"]
[Site "Las Vegas"]
[Date "2023.12.01"]
[Round "6"]
[White "Georgiev, Vladimir"]
[Black "Ghaem Maghami, Ehsan"]
[Result "1/2-1/2"]
[WhiteElo "2408"]
[BlackElo "2486"]
[PlyCount "49"]
[EventDate "2023.11.29"]
[EventType "tourn"]
[EventRounds "10"]
[EventCountry "USA"]
[EventCategory "7"]
[SourceTitle "CB50_2023"]
[SourceDate "2023.12.13"]
[SourceVersion "1"]
[SourceVersionDate "2023.12.13"]
[SourceQuality "1"]

1. d4 Nf6 2. c4 e6 3. Nc3 Bb4 4. e3 0-0 5. Nf3 c5 6. Bd3 d5 7. cxd5 exd5 8. dxc5 Nc6 9. 0-0 Bxc5 10. b3 Qe7 11. Bb2 Rd8 12. Rc1 Bg4 13. h3 Bh5 14. Be2 d4 15. exd4 Nxd4 16. Nxd4 Bxd4 17. Bxh5 Bxc3 18. Rxc3 Rxd1 19. Bxd1 Nd5 20. Rd3 Rd8 21. Bf3 Nf4 22. Rxd8+ Qxd8 23. Rd1 Qe7 24. Bxb7 h5 25. Bf3 1/2-1/2

[Event "Las Vegas Bridgeopolis"]
[Site "Las Vegas"]
[Date "2023.11.29"]
[Round "1"]
[White "Ghaem Maghami, Ehsan"]
[Black "Georgiev, Vladimir"]
[Result "1-0"]
[WhiteElo "2486"]
[BlackElo "2408"]
[PlyCount "38"]
[EventDate "2023.11.29"]
[EventType "tourn"]
[EventRounds "10"]
[EventCountry "USA"]
[EventCategory "7"]
[SourceTitle "CB50_2023"]
[SourceDate "2023.12.13"]
[SourceVersion "1"]
[SourceVersionDate "2023.12.13"]
[SourceQuality "1"]

1. c4 e5 2. Nc3 Nf6 3. Nf3 Nc6 4. d3 g6 5. g3 d5 6. cxd5 Nxd5 7. Bg2 Nde7 8. Rb1 Bg7 9. b4 0-0 10. 0-0 a6 11. a4 Re8 12. Nd2 Bg4 13. b5 axb5 14. axb5 Nd4 15. Bxb7 Rb8 16. Bg2 e4 17. dxe4 Nd5 18. Nxd5 Nxe2+ 19. Kh1 Nxg3+ 1-0

[Event "World op 51st"]
[Site "Philadelphia"]
[Date "2023.07.04"]
[Round "8.2"]
[White "Mishra, Abhimanyu"]
[Black "Ghaem Maghami, Ehsan"]
[Result "1/2-1/2"]
[WhiteElo "2574"]
[BlackElo "2479"]
[PlyCount "163"]
[EventDate "2023.06.30"]
[EventType "swiss"]
[EventRounds "9"]
[EventCountry "USA"]
[SourceTitle "CBM 215 Extra"]
[Source "ChessBase"]
[SourceDate "2023.09.30"]
[SourceVersion "1"]
[SourceVersionDate "2023.09.30"]
[SourceQuality "1"]

1. d4 Nf6 2. c4 e6 3. Nf3 b6 4. g3 Ba6 5. b3 c6 6. Bg2 d5 7. 0-0 Be7 8. Nc3 0-0 9. Nd2 b5 10. c5 b4 11. Na4 Nbd7 12. a3 bxa3 13. Bxa3 e5 14. dxe5 Nxe5 15. Bb2 Ned7 16. Bd4 Qb8 17. Nc3 Bb5 18. b4 a5 19. Nb3 a4 20. Nd2 Ne8 21. Nxa4 Nc7 22. Nc3 Rxa1 23. Qxa1 Ne6 24. Nf3 Bc4 25. Qa4 Qb7 26. Ra1 Rb8 27. Be5 Nxe5 28. Nxe5 Bf6 29. Nxc4 Bxc3 30. Na5 Qxb4 31. Nxc6 Qxa4 32. Rxa4 Rb1+ 33. Bf1 g6 34. Ne7+ Kg7 35. Nxd5 Be5 36. Re4 Bb8 37. c6 Rc1 38. Nb4 Bd6 39. e3 Bxb4 40. Rxb4 Rxc6 41. Bc4 Nc5 42. Kg2 Rc7 43. Bd5 Rd7 44. Rd4 Kf6 45. Rf4+ Kg7 46. Bc4 Nd3 47. Bxd3 Rxd3 48. Rd4 Ra3 49. Rd2 h5 50. e4 Rb3 51. f4 Re3 52. e5 Ra3 53. Kh3 Ra7 54. Rd6 Kh6 55. Rc6 Rb7 56. Rd6 Ra7 57. Rd2 Kg7 58. Kh4 Kh6 59. Rd6 Ra2 60. h3 Re2 61. g4 hxg4 62. hxg4 Re3 63. Rf6 Kg7 64. Kg5 Re1 65. Ra6 Re2 66. Ra7 Re1 67. Re7 Re2 68. Kh4 Kf8 69. Ra7 Re3 70. Rb7 Kg7 71. Kg5 Re4 72. Ra7 Re1 73. Re7 Re4 74. f5 Rxe5 75. Rxe5 f6+ 76. Kf4 fxe5+ 77. Kxe5 gxf5 78. gxf5 Kf7 79. f6 Kf8 80. Ke6 Ke8 81. f7+ Kf8 82. Kf6 1/2-1/2

[Event "Wch Blitz"]
[Site "Almaty"]
[Date "2022.12.30"]
[Round "15"]
[White "Ghaem Maghami, Ehsan"]
[Black "Nogerbek, Kazybek"]
[Result "1/2-1/2"]
[WhiteElo "2596"]
[BlackElo "2487"]
[PlyCount "67"]
[EventDate "2022.12.29"]
[EventType "swiss (blitz)"]
[EventRounds "21"]
[EventCountry "KAZ"]
[SourceTitle "CBM 212"]
[Source "ChessBase"]
[SourceDate "2023.02.28"]
[SourceVersion "1"]
[SourceVersionDate "2023.02.28"]
[SourceQuality "1"]

1. c4 e5 2. Nc3 Nf6 3. g3 Bc5 4. Bg2 c6 5. e3 d5 6. d4 exd4 7. exd4 Bb6 8. cxd5 Nxd5 9. Nxd5 cxd5 10. Ne2 0-0 11. h3 Nc6 12. 0-0 Bf5 13. Be3 Qd7 14. Nf4 Rfe8 15. Bxd5 Bxh3 16. Bxc6 bxc6 17. Nxh3 Qxh3 18. Qf3 Rac8 19. Rac1 Qe6 20. b3 Qd5 21. Qxd5 cxd5 22. Kg2 f6 23. Kf3 Kf7 24. Rh1 h6 25. g4 Kg6 26. a4 Rxc1 27. Rxc1 Re4 28. Rd1 a5 29. Rc1 Bxd4 30. Rd1 Bxe3 31. fxe3 Rb4 32. Rxd5 Rxb3 33. Rxa5 Ra3 34. Ra7 1/2-1/2

[Event "Wch Blitz"]
[Site "Almaty"]
[Date "2022.12.30"]
[Round "16"]
[White "Nesterov, Arseniy"]
[Black "Ghaem Maghami, Ehsan"]
[Result "1-0"]
[WhiteElo "2477"]
[BlackElo "2596"]
[PlyCount "69"]
[EventDate "2022.12.29"]
[EventType "swiss (blitz)"]
[EventRounds "21"]
[EventCountry "KAZ"]
[SourceTitle "CBM 212"]
[Source "ChessBase"]
[SourceDate "2023.02.28"]
[SourceVersion "1"]
[SourceVersionDate "2023.02.28"]
[SourceQuality "1"]

1. d4 Nf6 2. c4 e6 3. Nf3 d5 4. Nc3 dxc4 5. e4 Bb4 6. Bg5 h6 7. Bxf6 Qxf6 8. Bxc4 c5 9. 0-0 0-0 10. e5 Qd8 11. d5 Bxc3 12. bxc3 b5 13. Bb3 c4 14. Bc2 Qxd5 15. Qxd5 exd5 16. Rfd1 Rd8 17. Nd4 Bd7 18. a4 bxa4 19. Bxa4 Kf8 20. f4 a5 21. Bxd7 Rxd7 22. Ra4 Ra6 23. f5 Nc6 24. Nxc6 Rxc6 25. Rxa5 d4 26. cxd4 c3 27. d5 Rc8 28. Rc1 f6 29. e6 Rd6 30. g4 h5 31. h3 hxg4 32. hxg4 Rc4 33. Kf2 Ke7 34. Ra7+ Kf8 35. Rh1 1-0

[Event "Wch Blitz"]
[Site "Almaty"]
[Date "2022.12.29"]
[Round "12"]
[White "Averin, Nikolay"]
[Black "Ghaem Maghami, Ehsan"]
[Result "1/2-1/2"]
[WhiteElo "2231"]
[BlackElo "2596"]
[PlyCount "148"]
[EventDate "2022.12.29"]
[EventType "swiss (blitz)"]
[EventRounds "21"]
[EventCountry "KAZ"]
[SourceTitle "CBM 212"]
[Source "ChessBase"]
[SourceDate "2023.02.28"]
[SourceVersion "1"]
[SourceVersionDate "2023.02.28"]
[SourceQuality "1"]

1. e4 c5 2. Nf3 e6 3. d4 cxd4 4. Nxd4 a6 5. Nc3 b5 6. Bd3 Bb7 7. 0-0 Qc7 8. Re1 Nf6 9. a3 Bd6 10. h3 Nc6 11. Nb3 Be7 12. f4 d6 13. Be3 0-0 14. Qf3 Rac8 15. Qf2 Nd7 16. Ne2 Na5 17. Nxa5 Qxa5 18. Nd4 Qc7 19. Nb3 Bf6 20. c3 Rfe8 21. Bd4 e5 22. Be3 exf4 23. Bxf4 Ne5 24. Qc2 Qe7 25. Rad1 Bh4 26. Re3 Bg5 27. Qf2 Bxf4 28. Qxf4 Ng6 29. Qf2 Ne5 30. Qg3 g6 31. Bb1 Nc4 32. Re2 Qe5 33. Qf2 Re6 34. Nd4 Rf6 35. Qh4 Rf4 36. Qe1 Re8 37. Nf3 Qc5+ 38. Kh1 Qc7 39. Rd4 Ne5 40. Nxe5 Rxe5 41. Qg3 Rf6 42. Qd3 Qe7 43. Rd2 Rfe6 44. Rxd6 Bxe4 45. Rxe6 Qxe6 46. Qd8+ Kg7 47. Bxe4 Rxe4 48. Qd6 Re1+ 49. Kh2 Re4 50. Qxe6 Rxe6 51. Kg3 h5 52. Kf3 Kf6 53. Rd5 Ke7 54. Rd4 f5 55. h4 Kf6 56. Rd7 Ke5 57. Rd4 Rc6 58. g3 Re6 59. Ke3 Rc6 60. Kf3 Kf6 61. Rd7 Re6 62. Rd4 Ke5 63. Ke3 Kf6+ 64. Kf3 g5 65. hxg5+ Kxg5 66. Rd8 Kf6 67. Rf8+ Kg6 68. Rg8+ Kh6 69. Rh8+ Kg6 70. Rg8+ Kf6 71. Rh8 Kg6 72. Rg8+ Kf6 73. Rh8 Kg6 74. Rg8+ Kf6 1/2-1/2

[Event "Wch Rapid"]
[Site "Almaty"]
[Date "2022.12.27"]
[Round "8"]
[White "Ghaem Maghami, Ehsan"]
[Black "Muradli, Mahammad"]
[Result "1/2-1/2"]
[WhiteElo "2549"]
[BlackElo "2447"]
[PlyCount "74"]
[EventDate "2022.12.26"]
[EventType "swiss (rapid)"]
[EventRounds "13"]
[EventCountry "KAZ"]
[SourceTitle "CBM 212"]
[Source "ChessBase"]
[SourceDate "2023.02.28"]
[SourceVersion "1"]
[SourceVersionDate "2023.02.28"]
[SourceQuality "1"]

1. c4 e6 2. Nf3 Nf6 3. g3 d5 4. Bg2 dxc4 5. Qa4+ Bd7 6. Qxc4 c5 7. Ne5 Qc8 8. 0-0 Nc6 9. Nxd7 Qxd7 10. b3 Be7 11. Bb2 Rc8 12. Rd1 0-0 13. e3 Rfd8 14. Qe2 Qd3 15. Qxd3 Rxd3 16. Kf1 Rd7 17. Ke2 Nb4 18. a3 Nd3 19. Bc3 b5 20. Ra2 b4 21. Bxf6 Bxf6 22. Rc2 Rb8 23. axb4 cxb4 24. Bc6 Rd6 25. Be4 Rbd8 26. Ra2 a6 27. f4 g6 28. Bxd3 Rxd3 29. Rxa6 Rxb3 30. d4 Rc8 31. Ra2 Be7 32. Nd2 Ra3 33. Rxa3 bxa3 34. Kd3 h5 35. Nc4 Kg7 36. Ra1 Ra8 37. Kc3 Kf6 1/2-1/2

[Event "Wch Rapid"]
[Site "Almaty"]
[Date "2022.12.27"]
[Round "9"]
[White "Utegaliev, Azamat"]
[Black "Ghaem Maghami, Ehsan"]
[Result "0-1"]
[WhiteElo "2415"]
[BlackElo "2549"]
[PlyCount "134"]
[EventDate "2022.12.26"]
[EventType "swiss (rapid)"]
[EventRounds "13"]
[EventCountry "KAZ"]
[SourceTitle "CBM 212"]
[Source "ChessBase"]
[SourceDate "2023.02.28"]
[SourceVersion "1"]
[SourceVersionDate "2023.02.28"]
[SourceQuality "1"]

1. e4 c6 2. c4 d5 3. cxd5 cxd5 4. exd5 Nf6 5. Qa4+ Nbd7 6. Nc3 a6 7. Nf3 g6 8. Bc4 Rb8 9. Bb3 b5 10. Qh4 Nc5 11. 0-0 b4 12. Na4 Nxb3 13. axb3 Bg7 14. d6 Qxd6 15. d4 Rb5 16. Bf4 Qd8 17. Nc5 h6 18. Rfe1 g5 19. Qg3 Nh5 20. Bc7 Nxg3 21. Bxd8 Nf5 22. Bc7 Nxd4 23. Nxd4 Bxd4 24. Rad1 Rxc5 25. Bb6 Bxf2+ 26. Kxf2 Rc2+ 27. Kg3 0-0 28. Rxe7 Rxb2 29. h4 Rxb3+ 30. Kf2 gxh4 31. Bc5 Be6 32. Rd4 Rc8 33. Bxb4 Rb2+ 34. Bd2 Rc5 35. Re8+ Kh7 36. Red8 Rh5 37. Kg1 h3 38. gxh3 Rxh3 39. R8d6 Ra2 40. Kg2 Rb3 41. Kf2 a5 42. Rh4 Kg7 43. Ke1 Rb1+ 44. Ke2 h5 45. Kd3 Rd1 46. Ke3 Ra3+ 47. Kf2 Bg4 48. Rd4 Rf3+ 49. Kg2 Rdf1 50. Bxa5 R3f2+ 51. Kg3 Rf3+ 52. Kg2 R1f2+ 53. Kg1 f5 54. Bc7 f4 55. Be5+ Kg6 56. Bxf4 Rxf4 57. Rd5 Rf5 58. Rxf5 Rxf5 59. Rh2 Kg5 60. Rd2 Re5 61. Rc2 Re2 62. Rc3 Kf4 63. Kf1 Rb2 64. Kg1 h4 65. Rc1 Kg3 66. Rf1 Bf3 67. Rf2 Rb1+ 0-1

[Event "Wch Rapid"]
[Site "Almaty"]
[Date "2022.12.26"]
[Round "3"]
[White "Kostenko, Petr"]
[Black "Ghaem Maghami, Ehsan"]
[Result "0-1"]
[WhiteElo "2404"]
[BlackElo "2549"]
[PlyCount "135"]
[EventDate "2022.12.26"]
[EventType "swiss (rapid)"]
[EventRounds "13"]
[EventCountry "KAZ"]
[SourceTitle "CBM 212"]
[Source "ChessBase"]
[SourceDate "2023.02.28"]
[SourceVersion "1"]
[SourceVersionDate "2023.02.28"]
[SourceQuality "1"]

1. c4 c5 2. g3 Nc6 3. Bg2 g6 4. Nf3 Bg7 5. Nc3 d6 6. d3 e6 7. Bg5 Nge7 8. Qc1 h6 9. Bd2 b6 10. 0-0 Bb7 11. a3 Qd7 12. b4 Rd8 13. Rb1 Nd4 14. Nxd4 cxd4 15. Bxb7 Qxb7 16. Na2 Rc8 17. a4 h5 18. h4 0-0 19. Qa3 Be5 20. b5 Qd7 21. Nb4 d5 22. cxd5 exd5 23. Qa2 Rfe8 24. Rfc1 Rxc1+ 25. Rxc1 Qh3 26. Be1 g5 27. Nc6 Nxc6 28. bxc6 gxh4 29. Qxd5 hxg3 30. fxg3 Qe6 31. Qxe6 fxe6 32. Kg2 Kf7 33. Kf3 Bc7 34. Ke4 Rd8 35. Bf2 Ke7 36. Bxd4 Bxg3 37. a5 Bc7 38. Rg1 Rd5 39. Rg7+ Kd6 40. axb6 Bxb6 41. Bxb6 axb6 42. d4 Kxc6 43. Re7 Kd6 44. Rb7 b5 45. e3 Rg5 46. Kf4 Rf5+ 47. Ke4 Rd5 48. Rb6+ Kd7 49. Kd3 Rg5 50. Rb7+ Kc6 51. Rh7 Kd6 52. Rh6 Ke7 53. Ke4 Kf7 54. Kf4 Rf5+ 55. Ke4 b4 56. Rh7+ Kg6 57. Rb7 h4 58. Rxb4 h3 59. Rb2 Kg5 60. Kd3 Kg4 61. e4 Rh5 62. Rb1 h2 63. Rh1 Kf3 64. e5 Kg2 65. Rxh2+ Kxh2 66. Kc4 Kg3 67. Kc5 Kf4 68. Kd6 0-1

[Event "Titled Tuesday intern op 30th Aug Late"]
[Site "Chess.com INT"]
[Date "2022.08.30"]
[Round "8"]
[White "Ghaem Maghami, Ehsan"]
[Black "Gokerkan, Cem Kaan"]
[Result "1/2-1/2"]
[WhiteElo "2509"]
[BlackElo "2465"]
[PlyCount "140"]
[EventDate "2022.08.30"]
[EventType "swiss (blitz)"]
[EventRounds "11"]
[EventCountry "USA"]
[SourceTitle "EXT 2023"]
[Source "ChessBase"]
[SourceDate "2022.10.05"]
[SourceVersion "1"]
[SourceVersionDate "2022.10.05"]
[SourceQuality "1"]

1. c4 g6 2. d4 Bg7 3. g3 c6 4. Bg2 d5 5. e3 Nf6 6. Ne2 0-0 7. 0-0 Bg4 8. h3 Bf5 9. g4 Bxb1 10. Rxb1 dxc4 11. a4 a6 12. b3 cxb3 13. Qxb3 b5 14. Ba3 h5 15. Nf4 hxg4 16. Nxg6 Re8 17. Ne5 e6 18. hxg4 Nd5 19. Rfc1 Bxe5 20. dxe5 Nd7 21. Bd6 Qh4 22. Bf3 N7b6 23. Rxc6 Nc4 24. Qd3 Rac8 25. Rxc8 Rxc8 26. axb5 axb5 27. Rc1 Nxd6 28. Rxc8+ Nxc8 29. Qxb5 Qd8 30. Bxd5 exd5 31. Qd3 Ne7 32. Qd4 Qd7 33. f3 Qe6 34. Kf2 Nc6 35. Qc3 Nxe5 36. Kg3 Nc4 37. Kf2 Nd6 38. Qd4 Ne8 39. Qf4 Nf6 40. Qg5+ Kf8 41. Qf4 Nd7 42. Qg5 Ne5 43. Qd8+ Kg7 44. Qg5+ Ng6 45. f4 f6 46. Qh5 d4 47. Qxg6+ Kxg6 48. f5+ Qxf5+ 49. gxf5+ Kxf5 50. exd4 Ke4 51. Kg3 f5 52. d5 Kxd5 53. Kf4 Ke6 54. Kf3 Ke5 55. Ke3 Ke6 56. Kf4 Kf6 57. Kf3 Ke5 58. Ke3 f4+ 59. Kf3 Kf5 60. Kf2 Ke4 61. Ke2 Ke5 62. Kf3 Kf5 63. Kf2 Kg4 64. Kg2 f3+ 65. Kf2 Kf4 66. Kf1 Ke3 67. Ke1 Ke4 68. Kf2 Kf4 69. Kf1 Kg4 70. Kf2 Kf4 1/2-1/2

[Event "Titled Tuesday intern op 30th Aug Late"]
[Site "Chess.com INT"]
[Date "2022.08.30"]
[Round "10"]
[White "Ghaem Maghami, Ehsan"]
[Black "Goryachkina, Aleksandra"]
[Result "1-0"]
[WhiteElo "2509"]
[BlackElo "2579"]
[PlyCount "81"]
[EventDate "2022.08.30"]
[EventType "swiss (blitz)"]
[EventRounds "11"]
[EventCountry "USA"]
[SourceTitle "EXT 2023"]
[Source "ChessBase"]
[SourceDate "2022.10.05"]
[SourceVersion "1"]
[SourceVersionDate "2022.10.05"]
[SourceQuality "1"]

1. e4 e6 2. d3 d5 3. Nd2 Nf6 4. Ngf3 Nc6 5. e5 Nd7 6. d4 f6 7. exf6 Qxf6 8. Nb3 Bd6 9. c4 0-0 10. a3 a5 11. Be3 b6 12. Rc1 Bb7 13. cxd5 exd5 14. Bb5 Ncb8 15. 0-0 c6 16. Bd3 h6 17. Re1 Na6 18. Nbd2 Nc7 19. Bb1 Rfe8 20. Qc2 Nf8 21. Ne5 Bxe5 22. dxe5 Rxe5 23. Nf3 Ree8 24. Bxb6 Nce6 25. Qd2 Rac8 26. b4 axb4 27. axb4 Nd7 28. Be3 c5 29. bxc5 Nexc5 30. Ba2 Kh8 31. Bd4 Qf7 32. Qxh6+ Kg8 33. Qd2 Ne6 34. Rxc8 Rxc8 35. Be3 Nf6 36. Ng5 Nxg5 37. Bxg5 Rd8 38. Qd4 Bc6 39. h3 Qg6 40. Bxf6 gxf6 41. Re6 1-0

[Event "Titled Tuesday intern op 30th Aug Late"]
[Site "Chess.com INT"]
[Date "2022.08.30"]
[Round "11"]
[White "Vlassov, Nikolai"]
[Black "Ghaem Maghami, Ehsan"]
[Result "0-1"]
[WhiteElo "2283"]
[BlackElo "2509"]
[PlyCount "118"]
[EventDate "2022.08.30"]
[EventType "swiss (blitz)"]
[EventRounds "11"]
[EventCountry "USA"]
[SourceTitle "EXT 2023"]
[Source "ChessBase"]
[SourceDate "2022.10.05"]
[SourceVersion "1"]
[SourceVersionDate "2022.10.05"]
[SourceQuality "1"]

1. e4 c5 2. c3 Nf6 3. e5 Nd5 4. d4 cxd4 5. cxd4 d6 6. Bc4 Nb6 7. Bb3 g6 8. e6 fxe6 9. h4 Nc6 10. h5 Bg7 11. Nf3 e5 12. d5 Na5 13. hxg6 Nxb3 14. axb3 hxg6 15. Rxh8+ Bxh8 16. Nc3 Bf5 17. Be3 Bf6 18. Qe2 a6 19. Nd2 Rc8 20. g4 Bd7 21. Nde4 Na8 22. Kd2 Nc7 23. Rh1 Kf7 24. Qf3 Kg7 25. g5 Bf5 26. gxf6+ exf6 27. Ng3 Qd7 28. Nxf5+ Qxf5 29. Qxf5 gxf5 30. f4 Kg6 31. Ke2 Ne8 32. Kf3 Ng7 33. Rg1+ Kf7 34. Rc1 Rh8 35. Kg2 Rg8 36. Ne2 Ne8+ 37. Kf2 Rh8 38. Rc8 Rh2+ 39. Ke1 Rh3 40. Kd2 b5 41. Ra8 Rh2 42. Rxa6 Kg6 43. Rb6 Nc7 44. Rxd6 Kh5 45. Rxf6 Nxd5 46. Rxf5+ Kg4 47. Rxe5 Nf6 48. Kd3 Rh3 49. Rg5+ Kh4 50. Kd4 Ng4 51. Bg1 Rxb3 52. Rg8 Kh3 53. f5 Rxb2 54. Nf4+ Kh4 55. Ne6 Re2 56. Kd5 b4 57. Kd6 b3 58. Bb6 b2 59. Bd8+ Kg3 0-1

[Event "Titled Tuesday intern op 02nd Aug Late"]
[Site "Chess.com INT"]
[Date "2022.08.02"]
[Round "4"]
[White "Ghaem Maghami, Ehsan"]
[Black "Kravtsiv, Martyn"]
[Result "1-0"]
[WhiteElo "2515"]
[BlackElo "2598"]
[PlyCount "73"]
[EventDate "2022.08.02"]
[EventType "swiss (blitz)"]
[EventRounds "11"]
[EventCountry "USA"]
[SourceTitle "EXT 2023"]
[Source "ChessBase"]
[SourceDate "2022.10.05"]
[SourceVersion "1"]
[SourceVersionDate "2022.10.05"]
[SourceQuality "1"]

1. c4 e6 2. Nf3 d5 3. g3 d4 4. Bg2 c5 5. e3 Nc6 6. 0-0 Nf6 7. d3 e5 8. Re1 Bd6 9. exd4 cxd4 10. c5 Bc7 11. Nbd2 0-0 12. Nc4 Re8 13. Bg5 h6 14. Bxf6 Qxf6 15. Nfd2 Bf5 16. Ne4 Bxe4 17. Bxe4 Qe7 18. Qb3 Rab8 19. Qa3 Qd7 20. b4 a6 21. Qb3 Qe6 22. Rab1 Kh8 23. Bg2 f5 24. a4 a5 25. b5 Nb4 26. b6 Bd8 27. Nxa5 Qxb3 28. Rxb3 Na6 29. Rb5 e4 30. dxe4 d3 31. e5 Be7 32. Nxb7 Rxb7 33. Bxb7 Nxc5 34. Bf3 Nxa4 35. b7 Rb8 36. Ra1 Nc3 37. Ra8 1-0

[Event "Titled Tuesday intern op 02nd Aug Late"]
[Site "Chess.com INT"]
[Date "2022.08.02"]
[Round "2"]
[White "Ghaem Maghami, Ehsan"]
[Black "Taboas Rodriguez, Daniel"]
[Result "1-0"]
[WhiteElo "2515"]
[BlackElo "2353"]
[PlyCount "59"]
[EventDate "2022.08.02"]
[EventType "swiss (blitz)"]
[EventRounds "11"]
[EventCountry "USA"]
[SourceTitle "EXT 2023"]
[Source "ChessBase"]
[SourceDate "2022.10.05"]
[SourceVersion "1"]
[SourceVersionDate "2022.10.05"]
[SourceQuality "1"]

1. c4 Nf6 2. Nc3 g6 3. g3 Bg7 4. Bg2 0-0 5. d4 c6 6. e4 d6 7. Nge2 Bg4 8. h3 Bxe2 9. Qxe2 e5 10. d5 Nbd7 11. 0-0 a5 12. Be3 Qe7 13. Rfd1 Nc5 14. Rab1 Rfd8 15. b3 Nfd7 16. a3 a4 17. b4 Nb3 18. dxc6 bxc6 19. b5 Nd4 20. Qd2 cxb5 21. Nxb5 Nc5 22. Bxd4 exd4 23. Nxd4 Nxe4 24. Nc6 Qe8 25. Bxe4 Qxe4 26. Nxd8 Rxd8 27. Qd5 Qe2 28. c5 Be5 29. Re1 Qc2 30. Rbd1 1-0